เปลี่ยนเป็นภาษาไทย

Change to English
 แสดงรายละเอียดบรรณานุกรม
  กลับหน้าหลัก

Brief Record : Get Marc (ISO 2709) : E-mail record : QR code กลับ
E-books : เกี่ยวกับ Collections
LEADER 00000nam 2200000uu 4500
001    13399128792
003     BCNR
008    260506s2568||||th 000 0 tha d
020    ^a9786166268614
041    ^atha
060  4 ^aWY154^bว671ก 2568
100 0  ^aวิมลรัตน์ ภู่วราวุฒิพานิช
245 00 ^aการพยาบาลผู้ป่วยที่รอดชีวิตจากการติดเชื้อในกระแสเลือด /^cวิมลรัตน์ ภู่วราวุฒิพานิช
250    ^aพิมพ์ครั้งที่ 1
260    ^aกรุงเทพฯ :^bวัฒนาการพิมพ์,^c2568
300    ^a107 หน้า :^bภาพประกอบ, ตาราง ;^c30 ซม.
505 0  ^aบทที่ 1 ระบบภูมิคุ้มกันของผู้ป่วยที่รอดชีวิตจากการติดเชื้อในกระแสเลือด -- บทที่ 2 ความต้องการของผู้ป่วยที่รอดชีวิตจากการติดเชื้อในกระแสเลือด -- บทที่ 3 การส่งเสริมการเคลื่อนไหวในผู้ป่วยที่รอดชีวิตจากการติดเชื้อในกระแสเลือด -- บทที่ 4 การพยาบาลผู้ที่มีความบกพร่องด้านการรู้คิดในผู้ป่วยที่รอดชีวิตจากการติดเชื้อในกระแสเลือด -- บทที่ 5 การพยาบาลผู้ที่มีอาการอ่อนล้าในผู้ป่วยที่รอดชีวิตจากการติดเชื้อในกระแสเลือด -- บทที่ 6 การพยาบาลผู้ที่มีปัญหาการนอนหลับในผู้ป่วยที่รอดชีวิตจากการติดเชื้อในกระแสเลือด -- บทที่ 7 รูปแบบการดูแลผู้ป่วยที่รอดชีวิตจากการติดเชื้อในกระแสเลือด
650  4 ^aการติดเชื้อ^xการพยาบาล
650  4 ^aเลือดติดเชื้อ
650  4 ^aโรคติดเชื้อในโรงพยาบาล
650  4 ^aการติดเชื้อ
710 2  ^aมหาวิทยาลัยมหิดล. ^bคณะพยาบาลศาสตร์.^bภาควิชาการพยาบาลอายุรศาสตร์
999    ^aบรรณารักษ์
รายการนี้ยังไม่มีแท็ก
คุณยังไม่ได้ล็อกอิน คุณสามารถมีกิจกรรมร่วมกับเว็บไซต์ได้ แต่ต้องล็อกอินก่อน ::
  ล็อกอิน
ลำดับที่ ประเภท เลขเรียก/บาร์โค้ด สถานที่ สถานะ
1. หนังสือ
หนังสือ
WY154 ว671ก 2568 c.1 
  Barcode: 087840
ห้องสมุดสาขาหลัก
►หนังสือทั่วไป
On Shelf
2. หนังสือ
หนังสือ
WY154 ว671ก 2568 c.2 
  Barcode: 087841
ห้องสมุดสาขาหลัก
►หนังสือทั่วไป
On Shelf
3. หนังสือ
หนังสือ
WY154 ว671ก 2568 c.3 
  Barcode: 087842
ห้องสมุดสาขาหลัก
►หนังสือทั่วไป
On Shelf
4. หนังสือ
หนังสือ
WY154 ว671ก 2568 c.4 
  Barcode: 087843
ห้องสมุดสาขาหลัก
►หนังสือทั่วไป
On Shelf
5. หนังสือ
หนังสือ
WY154 ว671ก 2568 c.5 
  Barcode: 087844
ห้องสมุดสาขาหลัก
►หนังสือทั่วไป
On Shelf
6. หนังสือ
หนังสือ
WY154 ว671ก 2568 c.6 
  Barcode: 087845
ห้องสมุดสาขาหลัก
►หนังสือทั่วไป
On Shelf
7. หนังสือ
หนังสือ
WY154 ว671ก 2568 c.7 
  Barcode: 087846
ห้องสมุดสาขาหลัก
►หนังสือทั่วไป
On Shelf
8. หนังสือ
หนังสือ
WY154 ว671ก 2568 c.8 
  Barcode: 087847
ห้องสมุดสาขาหลัก
►หนังสือทั่วไป
On Shelf
9. หนังสือ
หนังสือ
WY154 ว671ก 2568 c.9 
  Barcode: 087848
ห้องสมุดสาขาหลัก
►หนังสือทั่วไป
On Shelf
10. หนังสือ
หนังสือ
WY154 ว671ก 2568 c.10 
  Barcode: 087849
ห้องสมุดสาขาหลัก
►หนังสือทั่วไป
On Shelf
   [แสดง 10/10 รายการ]

รายการใกล้เคียง
    ผู้แต่ง [วิมลรัตน์ ภู่วราวุฒิพานิช]

    หัวเรื่อง [โรคติดเชื้อในโรงพยาบาล]
    หัวเรื่อง [การติดเชื้อ]

BibComment


ยังไม่เคยถูกคอมเมนท์

คอมเมนท์ทรัพยากรรายการนี้
  คอมเมนท์: การพยาบาลผู้ป่วย..
Bib 13399128792

 
 
 

 Union Library Management : ULibM
Copyright 2026. All Rights Reserved.